01649cam a2200373 i 4500999001500000001000600015003000900021005001700030008004100047010001700088020001800105020001800123035002000141040002800161082002000189100001900209245012300228250002900351264003500380300004400415504005200459650001400511650002200525650003100547650003800578700002400616700001800640942001200658952011800670952011800788952011800906952013301024952011801157 c4858d485820111BD-DhUAP20201123111738.0201123s2017 ii a b 001 0 eng  a 2015029015 a9780323390828 a9788131248911 a(DNLM)101664410 aDNLM/DLCcDLCerdadDLC00a616.079 ABB2231 aAbbas, Abul K.10aBasic immunology :bfunctions and disorders of the immune system /cAbul K. Abbas, Andrew H. Lichtman and Shiv Pillai. aFirst South Asia Edition 1aNew Delhi :bElsevier,cc2017. aix, 335 pages :billustrations ;c24 cm aIncludes bibliographical references and index.12aImmunity.22aHypersensitivity.22aImmune Systemxphysiology.22aImmunologic Deficiency Syndromes.1 aLichtman, Andrew H.1 aPillai, Shiv. 2ddccBK 00102ddc4070aUAPCLbUAPCLcGeneral Stacksd2020-11-23o616.079 ABBp3010020111r2020-11-23t1w2020-11-23yBK 00102ddc4070aUAPCLbUAPCLcGeneral Stacksd2020-11-23o616.079 ABBp3010020112r2020-11-23t2w2020-11-23yBK 00102ddc4070aUAPCLbUAPCLcGeneral Stacksd2020-11-23o616.079 ABBp3010020113r2020-11-23t3w2020-11-23yBK 00102ddc4070aUAPCLbUAPCLcGeneral Stacksd2020-11-23l1o616.079 ABBp3010020114r2024-09-08s2024-08-25t4w2020-11-23yBK 00102ddc4070aUAPCLbUAPCLcGeneral Stacksd2020-11-23o616.079 ABBp3010020110r2020-11-23t5w2020-11-23yBK